000 00605cam a2200217 a 4500
001 1950937
005 20180216044013.0
008 871109s1988 nyua b 000 0 eng
010 _a 87031349
020 _a0195053389 (alk. paper)
040 _aDLC
_cDLC
_dDLC
041 _aeng
080 _a808.042071173 TAT
082 0 0 _a808.042071173 TAT
_219
100 _a47
101 _aEDU
245 0 4 _aThe Writing teacher's sourcebook /
_c[edited by] Gary Tate, Edward P.J. Corbett.
504 _aIncludes bibliographies.
906 _a7
_bcbc
_corignew
_d1
_eocip
_f19
_gy-gencatlg
942 _2ddc
_cBK
999 _c42765
_d42765